书目信息 |
| 题名: |
哈佛女孩的11种气质
|
|
| 作者: | 安琪 著 | |
| 分册: | ||
| 出版信息: | 北京 石油工业出版社 2016 |
|
| 页数: | 216页 | |
| 开本: | 24cm | |
| 丛书名: | ||
| 单 册: | ||
| 中图分类: | B848.1 | |
| 科图分类: | ||
| 主题词: | 女性--nv xing--气质--通俗读物 | |
| 电子资源: | ||
| ISBN: | 978-7-5183-0709-8 | |
| 000 | 00968nam0 22002531 450 | |
| 001 | 0109172531 | |
| 005 | 20170309172531.0 | |
| 010 | @a978-7-5183-0709-8@dCNY35.00 | |
| 100 | @a20160226d2016 em y0chiy50 ea | |
| 101 | 0 | @achi |
| 102 | @aCN@b110000 | |
| 105 | @ay z 000yy | |
| 106 | @ar | |
| 200 | 1 | @a哈佛女孩的11种气质@9ha fo nv hai de 11zhong qi zhi@f安琪著 |
| 210 | @a北京@c石油工业出版社@d2016 | |
| 215 | @a216页@d24cm | |
| 312 | @a封面英文题名:The temperament of Harvard university's girls | |
| 330 | @a本书结合了哈佛大学独立、多元、思考等核心精神,引用哈佛培养优秀人才的方法,在哈佛气质培训的基础上,选择针对女孩的气质培养方式,讲解与事例结合,融理论指导性与实际操作性于一体,生动具体地介绍了无形的气质修炼方式。 | |
| 510 | 1 | @aTemperament of Harvard university's girls@zeng |
| 606 | 0 | @a女性@9nv xing@x气质@j通俗读物 |
| 690 | @aB848.1@v5 | |
| 701 | 0 | @a安琪@9an qi@4著 |
| 801 | 0 | @aCN@bTANGWEI@c20170308 |
| 905 | @b0954348-50@dB848.1@e1513@f3 | |
| 哈佛女孩的11种气质/安琪著.-北京:石油工业出版社,2016 |
| 216页;24cm |
| ISBN 978-7-5183-0709-8:CNY35.00 |
| 本书结合了哈佛大学独立、多元、思考等核心精神,引用哈佛培养优秀人才的方法,在哈佛气质培训的基础上,选择针对女孩的气质培养方式,讲解与事例结合,融理论指导性与实际操作性于一体,生动具体地介绍了无形的气质修炼方式。 |
| ● |
| 相关链接 |
|
|
|
|
正题名:哈佛女孩的11种气质
索取号:B848.1/1513
 
预约/预借
| 序号 | 登录号 | 条形码 | 馆藏地/架位号 | 状态 | 备注 |
| 1 | 0954348 | 209543485 | 第一样本阅览室/ [索取号:B848.1/1513] | 在馆 | |
| 2 | 0954349 | 209543494 | 第一借阅区/ [索取号:B848.1/1513] | 在馆 | |
| 3 | 0954350 | 209543500 | 第一借阅区/ [索取号:B848.1/1513] | 在馆 |